logo

Bir Sreshtho Munshi Abdur Rouf Library
Jhenaidah Cadet College

Doctor Faustus : (Record no. 10430)

MARC details
000 -LEADER
fixed length control field 00846cam a22003013a 4500
001 - CONTROL NUMBER
JCCL Control Number 10430
003 - CONTROL NUMBER IDENTIFIER
JCCL marc code BD-JhCC
005 - DATE AND TIME OF LATEST TRANSACTION
control field 20180426175315.0
008 - FIXED-LENGTH DATA ELEMENTS--GENERAL INFORMATION
fixed length control field 180426s1967 as 000 0 eng
020 ## - INTERNATIONAL STANDARD BOOK NUMBER
International Standard Book Number 0822004062
035 ## - SYSTEM CONTROL NUMBER
system control number coe96000670
-- (BD-JhCC)10430
040 ## - CATALOGING SOURCE
Original cataloging agency DLC
Transcribing agency DLC
Modifying agency BD-JhCC
041 ## - LANGUAGE CODE
Language code of Book eng
050 00 - LIBRARY OF CONGRESS CALL NUMBER
Classification number PN2093
Item number .C64 1995 no. D114
082 ## - DEWEY DECIMAL CLASSIFICATION NUMBER
Classification number 822.3
Author mark and Year FIT 1967
100 ## - MAIN ENTRY--PERSONAL NAME
Personal name Fitzwater, Eva
245 00 - TITLE STATEMENT
Title Doctor Faustus :
Remainder of title notes /
Statement of responsibility, etc Eva Fitzwater
246 14 - VARYING FORM OF TITLE
Title proper/short title Tragical history of Doctor Faustus
260 ## - PUBLICATION, DISTRIBUTION, ETC. (IMPRINT)
Date of publication, distribution, etc 1967.
Place of publication, distribution, etc New York :
Name of publisher, distributor, etc Cliff's Notes,
300 ## - PHYSICAL DESCRIPTION
Pagination 61 p. :
Dimensions 22 cm.
580 ## - LINKING ENTRY COMPLEXITY NOTE
Linking entry complexity note I
600 ## - SUBJECT ADDED ENTRY--PERSONAL NAME
Personal name Doctor Faustus (Marlowe, Christopher)
650 ## - SUBJECT ADDED ENTRY--TOPICAL TERM
Topical term or geographic name as entry element Examinations
655 #7 -
Genre/form data or focus term Theater programs
Geographic subdivision Washington (D.C.)
Source of term rbgenr
655 #7 -
Genre/form data or focus term Theater programs
Source of term rbgenr
942 ## - ADDED ENTRY ELEMENTS (KOHA)
Source of classification or shelving scheme Dewey Decimal Classification
Koha item type Books
Holdings
Source of classification or shelving scheme Damaged status Not for loan Home library Current library Shelving location Date of accession Total Checkouts Full call number Barcode Date last seen Copy number Koha item type
Dewey Decimal Classification     JCC Rouf Library JCC Rouf Library General Stacks 04/26/2018   822.3 FIT 1967 13870 04/26/2018 C-1 Books

JCC Library | Contacts | JCC Home

Last Update on 23 September 2017
Copyright @ 2017-2020 JCC Rouf Library
Rouf Library, Jhenidah Cadet College (JCC), Bangladesh